000 00582nam a2200181Ia 4500
003 GCL
008 140319s9999 xx 000 0 ara d
040 _aGCL /
_cGCL
082 0 4 _a811.4
_bم م
100 1 _aمحمد زكى العشماوى
245 1 0 _aموقف الشعر من الفن والحياة فى العصر العباسى /
_cمحمد زكى العشماوى
300 _a407 ص
490 _a
650 0 4 _aالشعر العربى
650 0 4 _aتاريخ ونقد
650 0 4 _aالشعر العربى - العصر العباسى الاول
942 _2ddc
_cBK
999 _c37858
_d37858